Exploring factors impacting premarital sex and teenage pregnancies among religious youths in Zambia : (Record no. 25214)
[ view plain ]
| 000 -LEADER | |
|---|---|
| fixed length control field | 00709nam a22001937a 4500 |
| 003 - CONTROL NUMBER IDENTIFIER | |
| control field | AUA.1 |
| 005 - DATE AND TIME OF LATEST TRANSACTION | |
| control field | 20251105074439.0 |
| 008 - FIXED-LENGTH DATA ELEMENTS--GENERAL INFORMATION | |
| fixed length control field | 250711b |||||||| |||| 00| 0 eng d |
| 040 ## - CATALOGING SOURCE | |
| Transcribing agency | JTL |
| 100 ## - MAIN ENTRY--PERSONAL NAME | |
| Personal name | Kabani, Mwanamuke |
| 245 ## - TITLE STATEMENT | |
| Title | Exploring factors impacting premarital sex and teenage pregnancies among religious youths in Zambia : |
| Remainder of title | A case study of Mongu central district / |
| Statement of responsibility, etc | Mwanamuke Kabani. |
| 260 ## - PUBLICATION, DISTRIBUTION, ETC. (IMPRINT) | |
| Date of publication, distribution, etc | c2025 |
| 300 ## - PHYSICAL DESCRIPTION | |
| Extent | x. 104 leaves : |
| Other physical details | Illustrations : |
| Dimensions | 30cm. |
| 610 ## - SUBJECT ADDED ENTRY--CORPORATE NAME | |
| Corporate name or jurisdiction name as entry element | Seventh-day Adventist Church |
| Subordinate unit | Mongu Central District |
| Geographic subdivision | Zambia |
| 650 ## - SUBJECT ADDED ENTRY--TOPICAL TERM | |
| Topical term or geographic name as entry element | Sex customs |
| 650 ## - SUBJECT ADDED ENTRY--TOPICAL TERM | |
| Topical term or geographic name as entry element | Pregnant teenagers |
| 650 ## - SUBJECT ADDED ENTRY--TOPICAL TERM | |
| Topical term or geographic name as entry element | Premarital sex |
| 9 (RLIN) | 14546 |
| 942 ## - ADDED ENTRY ELEMENTS (KOHA) | |
| Source of classification or shelving scheme | AUA Inhouse Classification |
| Koha item type | Project |
| Classification part | MA PTh |
| Item part | .K33 2025 |
| Withdrawn status | Lost status | Source of classification or shelving scheme | Damaged status | Not for loan | Collection code | Home library | Current library | Shelving location | Date acquired | Source of acquisition | Cost, normal purchase price | Serial Enumeration / chronology | Total Checkouts | Full call number | Barcode | Date last seen | Cost, replacement price | Price effective from | Koha item type |
|---|---|---|---|---|---|---|---|---|---|---|---|---|---|---|---|---|---|---|---|
| Library of Congress Classification | JTL Research Collection | Judith Thomas Library | Judith Thomas Library | Judith Thomas Library Research Section | 11/07/2025 | Theological Seminary | 25.00 | AUA27973 | MA PTh .K33 2025 | AUA27973 | 11/07/2025 | 25.00 | 11/07/2025 | Project |